| 000 | 00000nam 2200000za 4500 |
| 001 | 9.804267 |
| 003 | CaOODSP |
| 005 | 20221107135359 |
| 007 | cr ||||||||||| |
| 008 | 150406s2007 onc|||||o f|0| 0 fre d |
| 040 | |aCaOODSP|bfre |
| 043 | |an-cn--- |
| 086 | 1 |aPS63-2/2008-6F-PDF |
| 100 | 1 |aWithnall, Christopher. |
| 245 | 10|aÉlaboration d'un protocole de remplacement des gilets pare-balles usagés en fonction de leur durée de vie utile - rapport de phase I |h[ressource électronique] / |c[Christopher Withnall] préparé par Biokinetics and Associates Ltd. |
| 246 | 13|aÉlaboration d'un protocole de remplacement des gilets pare-balles usagés en fonction de leur durée de vie utile - rapport de phase 1 |
| 260 | |aOttawa : |bSécurité publique Canada, |cc2007. |
| 300 | |aiv, 21, [5] p. : |btableaux. |
| 490 | 1 |aRapport technique - Centre canadien de recherches policières ;|x1912-4252|vTR-06-2008 |
| 500 | |a« Mars 2008. » |
| 500 | |aPublié aussi en anglais sous le titre : Development of an aged armour replacement protocol phase one report. |
| 691 | 07|aMaintien de l'ordre public|2gcpds |
| 691 | 07|aService de police|2gcpds |
| 691 | 07|aÉquipement de sécurité |
| 710 | 1 |aCanada.|bSécurité publique et Protection civile Canada. |bCentre du canadien de recherches policières. |
| 710 | 2 |aBiokinetics and Associates Ltd. |
| 775 | 08|tDevelopment of an aged armour replacement protocol phase one report |w(CaOODSP)9.804258 |
| 830 | #0|aRapport technique - Centre canadien de rcherches policières,|x1912-4252|vTR-06-2008|w(CaOODSP)9.501725 |
| 856 | 40|qPDF|s413 Ko|uhttps://publications.gc.ca/collections/collection_2015/sp-ps/PS63-2-2008-6-fra.pdf |